00386nam a2200109Ia 4500008005200000020001500052082001900067100000900086245013200095260003200227300001700259200103s 1992 ||||xx |||||||||||||| ||und|| a0113405847 a363.37092bHMS aHMSO 0aManual of firemanship : a survey of the science of fire fighting : Book 4,. Incidents involving aircraft, shipping and railways bHMSO, Londonc1992a London axxvii, 266p.